000 00583nam a2200181Ia 4500
008 140527s9999 xx 000 0 und d
020 _a9780240814971
050 _aPN 1995.9.P7
_b.M24 2011
100 _aMcCurdy, Kathy M.
245 _aShoot on location :
_bthe logistics of filmingon location, whatever your budget or experience /
_cKathy M. McCurdy.
260 _aBurlington, MA :
_bFocal Press,
_cc2011.
300 _a215 p. :
_bill. ;
_c23 cm.
500 _aIncludes index.
521 _aMA
650 _aHandbooks, manuals, etc.
942 _kFOR
_cBK
999 _c117504
_d117504